banner koha

Biomechanical analysis of the masticatory movement before and after adjusting dental occlusion in equine (Registro n. 300889)

MARC details
000 -LÍDER
fixed length control field 03537nab a2200361 i 4500
003 - CÓDIGO MARC DA AGÊNCIA CATALOGADORA
Campo de controle BR-BrBNA
005 - DATA E HORA DA ÚLTIMA ATUALIZAÇÃO
Campo de controle 20240814113841.0
008 - CAMPO DE TAMANHO FIXO
fixed length control field 240814b2018 bl.|r|pooa||| 00| 0 eng |
040 ## - FONTE DA CATALOGAÇÃO
Agência catalogadora BR-BrBNA
Idioma da catalogação eng
072 ## - CATEGORIA AGRIS
Código AGRIS L70
Código do objeto 5120
072 ## - CATEGORIA AGRIS
Código AGRIS L74
100 ## - ENTRADA PRINCIPAL - NOME PESSOAL
Nome pessoal Paiva Neto, A.O.
100 ## - ENTRADA PRINCIPAL - NOME PESSOAL
Nome pessoal Leite, C.T.
100 ## - ENTRADA PRINCIPAL - NOME PESSOAL
Nome pessoal Duarte, C.A.
100 ## - ENTRADA PRINCIPAL - NOME PESSOAL
Nome pessoal Dias, D.P.M.
100 ## - ENTRADA PRINCIPAL - NOME PESSOAL
Nome pessoal Döwich, G.
100 ## - ENTRADA PRINCIPAL - NOME PESSOAL
Nome pessoal Queiroz Neto, A.
100 ## - ENTRADA PRINCIPAL - NOME PESSOAL
Nome pessoal Lacerda Neto, J.C.
245 ## - TÍTULO PRINCIPAL
Título principal Biomechanical analysis of the masticatory movement before and after adjusting dental occlusion in equine
500 ## - NOTA GERAL
Nota geral <br/>Publicação online; 23 ref.; 2 tables; 2 illus.; Summaries (En, Pt)
942 ## - ADDED ENTRY ELEMENTS (KOHA)
Koha item type
520 ## - NOTA DE RESUMO
Nota de conteúdo <br/><br/>ABSTRACT - The aim of this study was to evaluate through three-dimensional kinematic analysis the influence of occlusal adjustment by tooth wear in masticatory biomechanics of horses. Seven clinically healthy thoroughbred Arabian horses with strong occlusal irregularities were used, of which seven castrated males and one female of between seven and nineteen years of age. Three digital video cameras and seven spherical reflective markers placed on the horses’ face were employed. The animals were filmed twice in succession: while chewing hay before and after the occlusal adjustment by tooth wear. Following that, kinematic analysis was made of the movements obtained by means of the images which were synchronized, segmented and reconstructed three-dimensionally with the help of Dvideow program. Mathematical functions were applied in Matlab environment for obtaining the values of the amplitudes of movements. The results of the biomechanical analysis showed that the occlusal adjustment increases the range of mandibular movements in horses.<br/><br/><br/>Keywords: kinematics, teeth, chewing, occlusion, dentistry
520 ## - NOTA DE RESUMO
Nota de conteúdo <br/><br/>RESUMO - O objetivo deste estudo foi avaliar, através de análise cinemática tridimensional, a influência do ajuste oclusal por desgaste dentário na biomecânica da mastigação de equinos. Foram utilizados sete cavalos puro sangue árabe, clinicamente saudáveis, com irregularidades oclusais relevantes, sendo seis machos castrados e uma fêmea, de sete a dezenove anos de idade. Três câmeras de vídeo digitais e sete marcadores reflexivos esféricos foram colocados na face dos equinos. Os animais foram filmados duas vezes seguidas: durante a mastigação do feno antes e após o ajuste oclusal por desgaste dental. Na sequência, procedeu-se a cinemática dos movimentos obtidos por meio das imagens sincronizadas, segmentadas e reconstruídas em três dimensões, com a ajuda do programa Dvideow. Funções matemáticas foram aplicadas no ambiente Matlab para a obtenção dos valores de amplitudes dos movimentos. Os resultados da análise biomecânica mostraram que o ajuste oclusal aumenta a gama de movimentos mandibulares em equinos.<br/><br/><br/>Palavras-chave: cinemática, dentes, mastigação, oclusão, odontologia
650 ## - ASSUNTO - THESAGRO
Cabeçalho tópico ou nome geográfico CAVALO
650 ## - ASSUNTO - THESAGRO
Cabeçalho tópico ou nome geográfico MASTIGAÇÃO
650 ## - ASSUNTO - THESAGRO
Cabeçalho tópico ou nome geográfico ANATOMIA ANIMAL
650 ## - ASSUNTO - THESAGRO
Cabeçalho tópico ou nome geográfico OCLUSÃO
650 ## - ASSUNTO - THESAGRO
Cabeçalho tópico ou nome geográfico DISTÚRBIO FISIOLÓGICO
650 ## - ASSUNTO - THESAGRO
Cabeçalho tópico ou nome geográfico VETERINÁRIA
773 0# - ENTRADA ANALÍTICA
Host Biblionumber 1643
Registro do item 317174
Imprenta Belo Horizonte-MG Universidade Federal de Minas Gerais - Escola de Veterinaria 1983
Outro identificador 2024-3790
Título Arquivo Brasileiro de Medicina Veterinária e Zootecnia (Brazil)
ISSN 0102-0935
Colação v. 70(1) p. 6-12; (2018)
Número de controle de registro BR2024002266
856 ## - ACESSO E ENDEREÇO ELETRÔNICO
Identificador uniforme de recurso - URI https://www.scielo.br/j/abmvz/a/nYtV5wqjnvybyXRpjDdLKJr/?format=pdf&lang=en

Nenhum exemplar disponível.

BINAGRI

Telefone: (61)3218-2567/2388/3357/2097 - binagri@agro.gov.br

Ministério da Agricultura e Pecuária , Esplanada dos Ministérios, Bloco D, Anexo B, Brasília/DF, CEP: 70.043-900